Personnel system for development administration (Record no. 71875)

MARC details
000 -LEADER
fixed length control field 00806nam a22002531 4500
001 - CONTROL NUMBER
control field sa 67000277
003 - CONTROL NUMBER IDENTIFIER
control field DLC
005 - DATE AND TIME OF LATEST TRANSACTION
control field 20260227112313.0
008 - FIXED-LENGTH DATA ELEMENTS--GENERAL INFORMATION
fixed length control field 740123s1966 ii b 00010 eng
010 ## - LIBRARY OF CONGRESS CONTROL NUMBER
LC control number sa 67000277
025 ## - OVERSEAS ACQUISITION NUMBER
Overseas acquisition number PL480:I-E-7034
043 ## - GEOGRAPHIC AREA CODE
Geographic area code a-ii---
050 0# - LIBRARY OF CONGRESS CALL NUMBER
Classification number JQ247
Item number .P22
082 ## - DEWEY DECIMAL CLASSIFICATION NUMBER
Classification number 354.54001
100 20 - MAIN ENTRY--PERSONAL NAME
Personal name Pai Panandiker, V. A.,
Dates associated with a name 1935-
245 10 - TITLE STATEMENT
Title Personnel system for development administration
Statement of responsibility, etc. [by] V. A. Pai Panandiker.
260 0# - PUBLICATION, DISTRIBUTION, ETC.
Place of publication, distribution, etc. Bombay,
Name of publisher, distributor, etc. Popular Prakashan
Date of publication, distribution, etc. [1966]
300 ## - PHYSICAL DESCRIPTION
Extent vii, 236 p.
Dimensions 22 cm.
500 ## - GENERAL NOTE
General note "An outgrowth of my doctoral dissertation submitted at the University of Michigan."
504 ## - BIBLIOGRAPHY, ETC. NOTE
Bibliography, etc. note Bibliography: p. [217]-229.
650 #0 - SUBJECT ADDED ENTRY--TOPICAL TERM
Topical term or geographic name entry element Civil service
Geographic subdivision India.
650 #0 - SUBJECT ADDED ENTRY--TOPICAL TERM
Topical term or geographic name entry element Personnel management
Geographic subdivision India.
650 #0 - SUBJECT ADDED ENTRY--TOPICAL TERM
Topical term or geographic name entry element Personnel management.

No items available.

Powered by Koha